| 000 | 00664 a2200181 4500 | ||
|---|---|---|---|
| 999 |
_c1742 _d1742 |
||
| 020 | _a9780521740432 (pbk.) | ||
| 050 | 0 | 0 | _aHM 626 McM |
| 100 | 1 |
_aMcCarthy, Thomas, _d1940- _eauthor |
|
| 245 | 1 | 0 |
_aRace, empire, and the idea of human development / _cThomas McCarthy. |
| 264 |
_aNew york: _bCambridge; _c2009 |
||
| 300 | _aviii, 254 p. ; | ||
| 500 | _aincludes index | ||
| 504 | _aIncludes bibliographical references | ||
| 650 | 0 |
_aSocial evolution _xPhilosophy. |
|
| 650 | 0 | _aRace. | |
| 942 |
_2lcc _cBK _h626 _iMcM _kHM |
||